书目信息 |
| 题名: |
形象设计
|
|
| 作者: | 李京姬 , 金润京 , 金爱京 著 ;韩锦花 , 吴美花 译 | |
| 分册: | ||
| 出版信息: | 北京 中国纺织出版社 2007 |
|
| 页数: | 189页 | |
| 开本: | 26cm | |
| 丛书名: | ||
| 单 册: | ||
| 中图分类: | B834.3 | |
| 科图分类: | ||
| 主题词: | 形象--设计 , 形象 | |
| 电子资源: | ||
| ISBN: | 978-7-5064-4440-8 | |
| 000 | 01309nam0 2200325 45 | |
| 001 | 1033094906 | |
| 005 | 20100407171710.82 | |
| 010 | @a978-7-5064-4440-8@dCNY45.00 | |
| 100 | @a20100401e20082007em y0chiy50 ea | |
| 101 | 1 | @achi@ckor |
| 102 | @aCN@b110000 | |
| 105 | @aa z 000yy | |
| 106 | @ar | |
| 200 | 1 | @a形象设计@AXing Xiang She Ji@f(韩)李京姬,(韩)金润京,(韩)金爱京著@F( Han ) Li Jing Ji, ( Han ) Jin Run Jing, ( Han ) Jin Ai Jing Zhu@g韩锦花,吴美花译 |
| 210 | @a北京@c中国纺织出版社@d2007@h2008 | |
| 215 | @a189页@c图@d26cm | |
| 305 | @a由Lee Kyeng-Hee, et al. 授权 | |
| 312 | @a封面英文题名:Fashion and image making | |
| 330 | @a本书是形象设计领域里的基础教材。作者通过总结多年来在服装和时尚形象设计类教学实践中的教案,带领读者认识形象设计的构成要素、色彩诊断等理论知识,并在实战训练中教会大家从当今的流行趋势中筛选出适合自己的元素,再把它们紧密地融入个体中,并成功实现塑造好形象的目标。 | |
| 510 | 1 | @aFashion and image making@zeng |
| 606 | 0 | @a形象@x设计 |
| 606 | 0 | @a形象 |
| 690 | @aB834.3@v4 | |
| 701 | 0 | @a李京姬@ALi Jing Ji@4著 |
| 701 | 0 | @a金润京@AJin Run Jing@4著 |
| 701 | 0 | @a金爱京@AJin Ai Jing@4著 |
| 702 | 0 | @a韩锦花@AHan Jin Hua@c(韩语)@4译 |
| 702 | 0 | @a吴美花@AWu Mei Hua@4译 |
| 801 | 0 | @aCN@bTANGWEI@c20100407 |
| 905 | @b0588362-66@dB834.3@e265@f5 | |
| 形象设计/(韩)李京姬,(韩)金润京,(韩)金爱京著/韩锦花,吴美花译.-北京:中国纺织出版社,2007(2008) |
| 189页:图;26cm |
| ISBN 978-7-5064-4440-8:CNY45.00 |
| 本书是形象设计领域里的基础教材。作者通过总结多年来在服装和时尚形象设计类教学实践中的教案,带领读者认识形象设计的构成要素、色彩诊断等理论知识,并在实战训练中教会大家从当今的流行趋势中筛选出适合自己的元素,再把它们紧密地融入个体中,并成功实现塑造好形象的目标。 |
| ● |
| 相关链接 |
|
|
|
|
正题名:形象设计
索取号:B834.3/265
 
预约/预借
| 序号 | 登录号 | 条形码 | 馆藏地/架位号 | 状态 | 备注 |
| 1 | 0588362 | 205883622 | 第一样本阅览室/ [索取号:B834.3/265] | 在馆 | |
| 2 | 0588363 | 205883631 | 第一借阅区/ [索取号:B834.3/265] | 在馆 | |
| 3 | 0588364 | 205883640 | 第一借阅区/ [索取号:B834.3/265] | 在馆 | |
| 4 | 0588365 | 205883659 | 第一借阅区/ [索取号:B834.3/265] | 在馆 | |
| 5 | 0588366 | 205883668 | 第一借阅区/ [索取号:B834.3/265] | 在馆 |